00321nam a2200121Ia 4500008004100000041000800041082001700049100002000066245004500086260003700131300002400168365000700192240624s9999 xx 000 0 und d aeng a658.4012 GAL aGALBRAITH JAY R aDESIGNING ORGANIZATIONS STRATEGY STRUCTU c2014aSan FranciscobJossey-Bass a327 : p. : cm. ; 28 cRS